000 00417nam a2200133Ia 4500
008 231129s9999||||xx |||||||||||||| ||spa||
020 _a978-958-704-626-7
040 _bspa
082 _aCo867 T647e
100 _aTola y Maruja seudónimo
245 0 _aLa era Uribe contada por las dos señoras más lenguilargas de Colombia
264 _aAguilar; El Espectador
942 _2ddc
_cBKS
999 _c16995
_d16995